Responses for show #3446 - Monday, September 6, 1999

1999 Back to School Week game 1.
First game of Season 16.

Contestants

Zach Safford, an 11-year-old from Roswell, Georgia

Cassie Hill, a 12-year-old from Merrick, New York

Nate Austin, a 12-year-old from Kansas City, Kansas

Jeopardy! Round responses

BIBLE HEROES
MONOPOLY
HISTORIC NAMES
MOVIE PEOPLE
CEREALS
(Alex: Yes, you have to...)
SPELL IT OUT FOR ME!
    $100 6
Adam

Cassie
    $100 11
Jail

Cassie
    $100 26
Thomas Edison

Cassie
    $100 16
Ace Ventura

Zach
    $100 1
Cheerios

Cassie
    $100 21
C-H-O-I-R

Cassie
    $200 7
Jonah

Cassie
    $200 12
Mediterranean Avenue

Cassie
    $200 27
(Z: Who is Bill Clinton?)

Al Gore

CassieZach
    $200 17
Mike Myers

Zach
    $200 2
Honeycomb

Zach
    $200 22
V-I-N-E-G-A-R

Nate
    $300 8
Moses

Cassie
    $300 13
(N: Who is the cashier?)

Bank

NateZach
    $300 28
(buzzer sounds)

Helen Keller

Nate
    $300 18
Julia Roberts

Nate
    $300 3
(C: What are Wheaties?)

Shredded wheat

CassieZach
    $300 23
(C: What is N-E-C-T-O-R-I-N-E?)

N-E-C-T-A-R-I-N-E

NateCassie
    $300 9
(C: Who was David?)

Samson

Cassie
    $400 14
Racecar

Nate
    $400 19
Arnold Schwarzenegger

Zach
    $400 4
Lucky Charms

Nate
    $400 24
(Z: What is T-R-I-P-L-I-C-T-E?)
(less than a minute to go...)

T-R-I-P-L-I-C-A-T-E

NateZach
    $500 10
Solomon

Cassie
    $500 15
(N: What is Luxury Tax?)

Income Tax

NateZach
    $500 20
Will Smith & Kevin Kline

Cassie
    $500 5
Captain Crunch

Cassie
    $500 25
(C: What is A-G-R-A-V-A-T-I-O-N?)
(N: What is A-G-G-E-R-A-V-I-T-I-O-N?)

A-G-G-R-A-V-A-T-I-O-N

NateCassie
Triple Stumper

Scores at the first commercial break (after clue 14):

Nate Cassie Zach
$500 $1,400 $800

Scores at the end of the Jeopardy! Round:

Nate Cassie Zach
$1,000 $1,500 $1,400

Double Jeopardy! Round responses

THE '80s
REALLY GRIMM FAIRY TALES
WHERE IS IT?
FILL IN THE _____
ARTS & CRAFTS
DINOSAURS
    $200 1
Madonna

Zach
    $200 7
Snow White

Cassie
    $200 17
Paris

Cassie
    $200 12
Haystack

Cassie
    $200 22
Fingerpaint

Zach
    $200 2
Tyrannosaurus Rex

Nate
    $400 27
(N: Who was Carter?)
(buzzer sounds)

Ronald Reagan

NateZach
    $400 8
Hansel

Cassie
    $400 18
South America

Cassie
    $400 13
The question

Zach
    $400 23
Clay

Cassie
    $400 3
Triceratops

Zach
    $600 9
Cinderella

Nate
    $600 19
Japan

Zach
    $600 14
(C: What is second?)

Chosen

Cassie
Triple Stumper
    $100 24
(C: What is crepe-mache?)
(and we have a minute to go...)

Papier-mache

Cassie
    $600 4
Brontosaurus

Triple Stumper
    $800 10
Hair

Nate
    $800 21
Russia

Zach
    $800 15
Equal

Triple Stumper
    $800 25
Lanyards

Cassie
    $500 5
(Z: What is the supersaurus?)

Neck

Zach
    $1000 11
Little Red Riding Hood

Nate
    $1000 20
South Africa

Nate
    $1000 16
(Z: What is surrender?)

Perish from the Earth

Zach
Triple Stumper
    $1000 26
(Z: What is a mariette?)

Marionette

Zach
Triple Stumper
    $1000 6
Velociraptor

Nate

Scores at the end of the Double Jeopardy! Round:

Nate Cassie Zach
$5,200 $3,400 $1,900

[wagering suggestions for these scores]

Final Jeopardy! Round responses

FAMOUS AMERICANS
ZachWho is Neil Armstrong
$1,899
CassieWho was Neil Armstrong
$1,801
NateWho was Neil Armstrong?
$0
Neil Armstrong

Final scores:

Nate Cassie Zach
$5,200 $5,201 $3,799
2nd place: 2 computers + software + a trip for 4 to Universal Studios Florida Winner: $5,201 + a trip for 4 to Universal Studios Florida 3rd place: 1 computer + software + a trip for 4 to Universal Studios Florida

Game dynamics:

Coryat scores:

Nate Cassie Zach
$5,200 $3,800 $2,400
13 R,
4 W
19 R,
6 W
(including 2 DDs)
14 R,
5 W
(including 1 DD)

Combined Coryat: $11,400

The J! Archive is created by fans, for fans. The Jeopardy! game show and all elements thereof, including but not limited to copyright and trademark thereto, are the property of Jeopardy Productions, Inc. and are protected under law. This website is not affiliated with, sponsored by, or operated by Jeopardy Productions, Inc. Join the discussion at JBoard.tv.